| 000 | 01024nam a2200265 a 4500 | ||
|---|---|---|---|
| 001 | BRL_351 | ||
| 005 | 20190320210711.0 | ||
| 008 | 310713s2003----nyua######---#000-0#spa-# | ||
| 020 | _a1882454146 | ||
| 041 | _aspaeng | ||
| 044 | _anyu | ||
| 050 | 4 |
_aAM5 _b.V63 2003 |
|
| 245 | 1 | 0 |
_aVoces y visiones _bHighlights from el Museo del Barrio Permament Collection. |
| 260 |
_aNueva York _bEl Museo del Barrio _c2003 |
||
| 300 |
_a6 v. _bil. (algunas a color) _c23 cm. |
||
| 500 | _av.1 Au996,v.2 Au846, v.3 Au631, v.4 Au1210, v.5 Au1246, v.6 Au1247 | ||
| 504 | _aIncluye referencias bibliográficas | ||
| 505 | 0 | _aContenido: v.1 El Museo del barrrio 1969-2004 - v.2 Taíno - v.3 Popular traditions - v.4 Graphics - v.5 Moder & contemporary art - v.6 Textos en español. | |
| 610 | 2 | 4 |
_aMuseo del Barrio _vExposiciones _zNueva York _923626 |
| 650 | 1 | 4 |
_aMuseos de arte _zEstados Unidos (Nueva York) _923627 |
| 700 | 1 |
_aBercht, Fatima _eed. _923628 |
|
| 700 | 1 |
_aCullen, Deborah _eed. _923629 |
|
| 902 | _aGRL | ||
| 942 |
_2lcc _cB |
||
| 999 |
_c9164 _d9164 |
||